Biblioteca

El Jesús de la historia y el Cristo del kerigma (Registro nro. 69477)

Detalles MARC
000 -LÍDER
Campo fijo de descripción fija 01203nab a2200205 i 4500
001 - NÚMERO DE CONTROL
Campo de control 768714001
003 - IDENTIFICADOR DEL NÚMERO DE CONTROL
Campo de control CO-MdFUSB
005 - FECHA Y HORA DE LA ULTIMA TRANSACCIÓN
control field 20260310201120.0
008 - ELEMENTOS DE LONGITUD FIJA -- INFORMACIÓN GENERAL
Campo fijo de descripción fija -- Información general 240502t1966 sp ||||| |||| 00| 0 spa d
040 ## - FUENTE DE CATALOGACIÓN
Idioma de catalogación spa
Agencia que realiza la transcripción CO-MdFUSB
Agencia que realiza la modificación CO-MdFUSB
041 ## - CÓDIGO DE IDIOMA
Código de idioma para texto/pista de sonido o título separado spa
100 ## - ASIENTO PRINCIPAL--NOMBRE PERSONAL
Nombre personal Bourke, Joseph,
Término relacionador autor
245 #3 - TÍTULO
Título El Jesús de la historia y el Cristo del kerigma
Mención de responsabilidad / Joseph Bourke
520 ## - NOTA DE RESUMEN, ETC.
Nota de sumario, etc. La “búsqueda del Jesús histórico” es un término que ha ganado popularidad en los últimos tiempos, ya que implica encontrar la historia y biografía de Jesús tal como se le conoce. Se demostró que es imposible reconstruir la historia de Jesús a partir del Nuevo Testamento. En estos escritos, Jesús no es el único objeto de estudio científicamente aceptable; es más bien la fe de los primeros cristianos en Jesús y las interpretaciones que daban a otros acerca de Él.
650 #7 - ASIENTO SECUNDARIO DE MATERIA - TERMINO TEMÁTICO
Término temático o nombre geográfico como elemento de entrada Teología dogmática
9 (RLIN) 6937
650 #7 - ASIENTO SECUNDARIO DE MATERIA - TERMINO TEMÁTICO
Término temático o nombre geográfico como elemento de entrada Biblia y unidad cristiana
9 (RLIN) 7330
773 0# - ASIENTO DE ITEM FUENTE
Biblionumber 49450
Itemnumber 82569
Otro identificador del ítem R2501
Título Revista internacional de teología Concilium
Número de control del registro (CO-MdFUSB)8
Número Internacional Normalizado para Publicaciones Seriadas (ISSN) 0210-1041
Parte(s) relacionada(s) / Volumen., número. (mes año), páginas Número 11, (enero, 1966), páginas: 29 - 50
Enumeración y primera página página: 29
942 ## - TIPO DE MATERIAL (KOHA)
Tipo de Item KOHA Artículos de Revista
945 ## - INFORMACIÓN LOCAL DEL REGISTRO
Catalogador Catherine Arias Álvarez practicante SENA

No hay ítems disponibles.

Biblioteca FUSBC | Teléfono: (57+4) 349 88 10 Ext. 141| WhatsApp (+57) 3005338115 
E-mail: biblioteca@unisbc.edu.co | Calle 76 87-14 Robledo Palenque, Medellín, Colombia

Con tecnología Koha